| 000 | 00449nam a2200193Ia 4500 | ||
|---|---|---|---|
| 008 | 210210b1932 xxu||||| |||| 00| 0 eng d | ||
| 041 | _aeng | ||
| 082 | _a721/34 | ||
| 100 | _aREILLY (C H) | ||
| 245 | _aTheory and practice of architecture | ||
| 260 |
_aLondon _bVictor Gollancz Ltd., _c1932 |
||
| 650 | _aTheory | ||
| 650 | _apractice | ||
| 650 | _aof | ||
| 650 | _aarchitecture | ||
| 650 | _aand | ||
| 690 | _aThe Arts | ||
| 906 | _a011005 | ||
| 999 |
_c139066 _d139066 |
||